Organisation und Instrumente kommunaler Wirtschaftsförderung in Niedersachsen : empirische Untersuchung der Arbeitsteilung und Zusammenarbeit zwischen Landkreisen und kreisangehörigen Gemeinden /

Saved in:
Bibliographic Details
Main Author: Imhoff-Daniel, Angela.
Format: Book
Language:German
Published: Münster : Lit, 1994.
Series:Hannoversche geographische Arbeiten ; Bd. 49.
Subjects:
Tags: Add Tag
No Tags, Be the first to tag this record!
LEADER 01040aam a2200265 a 4500
001 005124530-2
005 20020606095253.2
008 950808s1994 gw ab b 000 0 ger
010 |a  95188817  
020 |a 3825821870 (alk. paper) 
035 0 |a ocm34021042 
040 |a DLC  |c DLC 
043 |a e-gx--- 
050 0 0 |a HC290.5.I53  |b I47 1994 
100 2 |a Imhoff-Daniel, Angela. 
245 1 0 |a Organisation und Instrumente kommunaler Wirtschaftsförderung in Niedersachsen :  |b empirische Untersuchung der Arbeitsteilung und Zusammenarbeit zwischen Landkreisen und kreisangehörigen Gemeinden /  |c Angela Imhoff-Daniel. 
260 |a Münster :  |b Lit,  |c 1994. 
300 |a vii, 223 p. :  |b ill., maps ;  |c 30 cm. 
490 1 |a Hannoversche geographische Arbeiten ;  |v Bd. 49 
504 |a Includes bibliographical references (p. 178-188). 
650 0 |a Industrial promotion  |z Germany  |z Lower Saxony. 
650 0 |a Regional planning  |z Germany  |z Lower Saxony. 
830 0 |a Hannoversche geographische Arbeiten ;  |v Bd. 49. 
988 |a 20020608 
906 |0 DLC